NDU-K Library Catalogue

Girl in a jacket 

Employee relations in an organisational context: (Record no. 12656)

MARC details
000 -LEADER
fixed length control field 00442nam a2200169Ia 4500
003 - CONTROL NUMBER IDENTIFIER
control field OSt
005 - DATE AND TIME OF LATEST TRANSACTION
control field 20260424093117.0
008 - FIXED-LENGTH DATA ELEMENTS--GENERAL INFORMATION
fixed length control field 221114s9999||||xx |||||||||||||| ||und||
020 ## - INTERNATIONAL STANDARD BOOK NUMBER
International Standard Book Number 9781843981381
040 ## - CATALOGING SOURCE
Transcribing agency IPSTC
050 ## - LIBRARY OF CONGRESS CALL NUMBER
Classification number HD 6961
Item number .D36 2011
100 ## - MAIN ENTRY--PERSONAL NAME
Personal name Daniels, Kathy.
245 #0 - TITLE STATEMENT
Title Employee relations in an organisational context:
Statement of responsibility, etc. Kathy Daniels.
260 ## - PUBLICATION, DISTRIBUTION, ETC.
Name of publisher, distributor, etc. CIPD
300 ## - PHYSICAL DESCRIPTION
Extent xiii,335 pages.
Other physical details ill
Dimensions 25cm.
942 ## - ADDED ENTRY ELEMENTS (KOHA)
Source of classification or shelving scheme Library of Congress Classification
Koha item type Normal Collection
Holdings
Withdrawn status Lost status Source of classification or shelving scheme Damaged status Not for loan Home library Current library Date acquired Inventory number Total Checkouts Full call number Barcode Date last seen Price effective from Koha item type
    Library of Congress Classification     International Peace Support Training Centre (IPSTC) International Peace Support Training Centre (IPSTC) 14/11/2022 2390/2016   HD 6961 .D36 2011 200123902016 14/11/2022 14/11/2022 Normal Collection
Copyright © 2026 [National Defence University - Kenya]. All rights reserved.